| 000 | 00480nam a22001697a 4500 | ||
|---|---|---|---|
| 003 | CEME | ||
| 005 | 20210628205831.0 | ||
| 008 | 210317b xxu||||| |||| 00| 0 eng d | ||
| 040 | _c. | ||
| 082 | _a620.112 BEE | ||
| 100 |
_aJohnston, E.Russell Beer, Ferdinand.P _977187 |
||
| 245 | _aMechanics of materials instructors manuals | ||
| 260 |
_aNEWYORK _bMCGRAW HILL _c1992 |
||
| 300 | _aXXV,420P | ||
| 650 |
_aMECHANICS OF MATERIALS-INSTRUCTORS MANUALS _977188 |
||
| 942 |
_cBK _2ddc |
||
| 999 |
_c582501 _d582501 |
||